000 00368nam a2200157Ia 4500
003 OSt
005 20240311105039.0
008 170523s9999 xx 000 0 und d
020 _a 978-0070486881
040 _ciimtu meerut
100 _aPARRY- MARK E
245 0 _aSTRATEGIC MARKETING MANAGEMENT
260 _bTATA MC GRAW HILL
260 _c2002
942 _2ddc
_c02
999 _c1304
_d1304